L'Estat de les platges dels municipis de la província de Barcelona : balanç de 5 anys de control de la qualitat ambiental i de l'eficàcia de la neteja 1990 - 1994 / Ramon Rabella Pujol balanç de 5 anys de control de la qualitat ambiental i de l'eficàcia de la neteja 1990 - 1994 / Ramon Rabella Pujol

por Rabella, Ramon

Descripción Física: 22 p. : taules, gràf. ; 29 cm

MARC

LEADER 00000nam a2200000Ia 4500
001 22484
008 160829s9999 xx 000 0 cat d
080 |a FU-57-2 
100 |a Rabella, Ramon  |9 26813 
245 |a L'Estat de les platges dels municipis de la província de Barcelona :  |b  balanç de 5 anys de control de la qualitat ambiental i de l'eficàcia de la neteja 1990 - 1994 / Ramon Rabella Pujol 
260 |a Barcelona :  |b Diputació de Barcelona. Àrea d'Acció Territorial i Medi Ambient. Servei de Medi Ambient, [1994?] 
300 |a 22 p. :  |b  taules, gràf. ;  |c 29 cm 
650 |a Platges  |x Neteja  |x Barcelona (Província)   |9 42424 
650 |a Barcelona (Província)  |x Condicions mediambientals  |9 43362 
710 1 |a Barcelona (Catalunya : Província).  |b Servei de Medi Ambient  |9 53475 
901 |a Arxiu 
942 |n 1 
952 |0 0  |1 0  |4 0  |6 FU572  |7 1  |9 51389  |a Arxiu  |b Arxiu  |d 2016-12-01  |l 0  |o FU-57-2  |p 22484  |r 2016-12-01 00:00:00  |w 2016-12-01  |y ARXIU 
999 |c 55233  |d 55233